00820 2200229 4500001002100000005001500021035002000036245007100056100001600127250001700143300002800160700002600188260003100214082001000245084001600255020002200271650001800293520019700311500002500508008004100533990001600574INLIS00000000000014320240509100340 a0010-05240000651 aMengapa Paus Itu Bukan Ikan? /cFaisol Anam, Tiara Dwi Andarastuti0 aFaisol Anam acetakan ke-1 a26 hlm :bilus ;c25 cm0 aTiara Dwi Andarastuti aSolo :bTiga Ananda,c2019 a599.5 a599.5 FAI m a978-623-206-164-4 4aNonfiksi Anak aTahukah kalian? Banyak yang menganggap paus adalah ikan, padahal paus bukan termasuk ikan. Dalam buku ini, mari kita mengenal dan mengetahui hewan apakah paus sebenarnya. Selamat membaca, ya! aSeri Cari Tahu, Yuk!240509 0  a00000000536